000 00256nam a22001097a 4500
008 180803b xxu||||| |||| 00| 0 eng d
245 _aClinical Nursing Skills
_cTaylor,C
260 _c2007
300 _a17
_fCD
440 _x9780781768139
942 _2ddc
_cMX
999 _c46770
_d46770